State Quiz - Bahia - Statistics

General Stats
  • This quiz has been taken 24 times
  • The average score is 10 of 20
Answer Stats
Hint Answer % Correct
State capital Salvador
100%
Second most populous city Feira de {Santana}
74%
Street food with black-eyed peas, onions, and often shrimp Acarajé
63%
Bahia's three major biomes {Atlantic} Forest
63%
Bahia's three major biomes Caatinga
63%
Bahia's three major biomes Cerrado
63%
"Father of Brazilian Rock" Raul {Seixas}
63%
Number of states that Bahia borders Eight
58%
Largest bordering state by area Minas Gerais
58%
Longest river São Francisco
58%
Afro-Caribbean inspired music genre Axé
53%
Rural city that is the subject of memes * starts with X, named for a type of cactus Xique-Xique
53%
Bahia was named for this bay Bay of {All} {Saints}
47%
Twin city of Petrolina, Pernambuco Juazeiro
47%
Bean grown heavily around Ilhéus Cacao
42%
Meaning of "Chapada Diamantina" a national park in Bahia {Diamond} Plateau
42%
Shape in the top left canton of the flag Triangle
32%
Circular offshore fort in the capital São {Marcelo}
26%
Reservoir located west of the above Sobradinho
21%
The above has the second biggest _______ in Brazil after Rio de Janeiro Carnival
16%
No matching quizzes found
Score Distribution
Percent of People with Each Score
Percentile by Number Answered
Your Score History
You have not taken this quiz